20 Ugly Cars from the '90s Quiz Stats

Quiz Updated Sep 18, 2014

Also try: Car Logos
Challenge
Share
Tweet
Score 0/20 Timer 10:00
0 Plays Today
% Correct
Chevrolet Corvette
82.8%
Ford Mustang
82.5%
Dodge Ram
80.8%
Ford Explorer
80.2%
Ford Taurus
76.2%
Mazda Miata
75%
Dodge Caravan
69.4%
Volkswagen Jetta
68.4%
Chevrolet Camaro
67.8%
Toyota Camry
66.5%
% Correct
Dodge Viper
64.1%
Toyota Corolla
63.5%
Honda Accord
60.9%
GMC Jimmy
59.5%
Dodge Neon
58.3%
Honda Odyssey
55.2%
Volkswagen Passat
53%
Nissan Sentra
51.5%
Ford Escort
44.4%
Buick LeSabre
38.9%

You're not logged in!

Compare scores with friends on all Sporcle quizzes.
Sign Up with Email
OR
Log In

You Might Also Like...

Show Comments

Extras

Top Quizzes Today


Score Distribution

Your Account Isn't Verified!

In order to create a playlist on Sporcle, you need to verify the email address you used during registration. Go to your Sporcle Settings to finish the process.